000 00216 a2200097 4500
001 43789
100 _aBigge
245 _aLearning theories for teachers
260 _aNew York
_bHarper Row
_c
090 _c27549
_d27549
942 _aNUST-CAE
_cM
_c19501
999 _c278862
_d278862